书目信息 |
| 题名: |
一个青年的自白
|
|
| 作者: | 摩尔 著 ;孙宜学 译 | |
| 分册: | ||
| 出版信息: | 北京 商务印书馆 2024.07 |
|
| 页数: | 233页 | |
| 开本: | 20cm | |
| 丛书名: | ||
| 单 册: | ||
| 中图分类: | I562.55 | |
| 科图分类: | ||
| 主题词: | 回忆录--爱尔兰--现代 | |
| 电子资源: | ||
| ISBN: | 978-7-100-22697-4 | |
| 000 | 01288nam0 2200277 450 | |
| 001 | 013123555 | |
| 005 | 20251022144613.41 | |
| 010 | @a978-7-100-22697-4@dCNY58.00 | |
| 100 | @a20240910d2024 em y0chiy0120 ea | |
| 101 | 1 | @achi@ceng |
| 102 | @aCN@b110000 | |
| 105 | @ay z 000yy | |
| 106 | @ar | |
| 200 | 1 | @a一个青年的自白@9yi ge qing nian de zi bai@dConfessions of a young man@f(爱尔兰)乔治·摩尔著@g孙宜学译@zeng |
| 210 | @a北京@c商务印书馆@d2024.07 | |
| 215 | @a233页@d20cm | |
| 300 | @a涵芬书坊 新版 | |
| 305 | @a根据日本临川书店1983年版译出 | |
| 330 | @a本书用散文笔法写成,主要回忆了他在巴黎和爱尔兰度过的艺术生活。乔治·摩尔以自己的眼睛观察艺术界的风风雨雨,忠实地记录了他对唯美主义、象征主义、印象主义、意识流、现实主义等流派的看法,以及他与当时著名作家、艺术家的交往和对他们作品的评价。与此同时,乔治·摩尔还回忆了自己年轻时代所经历的感情和人生观的变化。通过这部作品,读者不但能了解到乔治·摩尔的思想成长历程,而且还可以了解整整三十年的欧洲文学艺术的发展历史。 | |
| 510 | 1 | @aConfessions of a young man@zeng |
| 606 | 0 | @a回忆录@y爱尔兰@z现代 |
| 690 | @aI562.55@v5 | |
| 701 | 0 | @c(爱尔兰)@a摩尔@9mo er@c(Moore, George@f1852-1933)@4著 |
| 702 | 0 | @a孙宜学@9sun yi xue@f(1968-)@4译 |
| 801 | 0 | @aCN@c20250911 |
| 905 | @a河南城建学院图书馆@dI562.55@eM823@ZM823@f1 | |
| 一个青年的自白=Confessions of a young man/(爱尔兰)乔治·摩尔著/孙宜学译.-北京:商务印书馆,2024.07 |
| 233页;20cm |
| 涵芬书坊 新版 |
| ISBN 978-7-100-22697-4:CNY58.00 |
| 本书用散文笔法写成,主要回忆了他在巴黎和爱尔兰度过的艺术生活。乔治·摩尔以自己的眼睛观察艺术界的风风雨雨,忠实地记录了他对唯美主义、象征主义、印象主义、意识流、现实主义等流派的看法,以及他与当时著名作家、艺术家的交往和对他们作品的评价。与此同时,乔治·摩尔还回忆了自己年轻时代所经历的感情和人生观的变化。通过这部作品,读者不但能了解到乔治·摩尔的思想成长历程,而且还可以了解整整三十年的欧洲文学艺术的发展历史。 |
| ● |
| 相关链接 |
|
|
|
正题名:一个青年的自白
索取号:I562.55/M823
 
预约/预借
| 序号 | 登录号 | 条形码 | 馆藏地/架位号 | 状态 | 备注 |
| 1 | 1635987 | 216359875 | 文学库116/116文学库 22排5列2层/ [索取号:I562.55/M823] | 在馆 |